| 000 | 01094nam a22002777a 4500 | ||
|---|---|---|---|
| 008 | 130821s1987 enkab gr eng | ||
| 020 | _a899462138 | ||
| 040 |
_aCo-BoUCM _bspa |
||
| 041 | 0 | 0 | _aeng |
| 100 | 1 |
_aViolich, Francis _9109001 |
|
| 245 | 1 | 0 |
_aUrban planning for Latin Ameríca the challenge of metropolitan growth _cFrancis Violich, Robert Daughter, colaborador. |
| 260 |
_aCambridge (Inglaterra) _bLincoln Institute of Land Policy, Oelgeschlager, Gunn & Hain _c1987 |
||
| 300 |
_axxvii, 435 páginas _bilustraciones, mapas |
||
| 504 | _aIncluye índice. | ||
| 650 | 0 | 4 |
_aÁreas metropolitanas _zAmérica Latina _9136496 |
| 650 | 0 | 4 |
_aDesarrollo social _912991 |
| 650 | 0 | 4 |
_aDesarrollo urbano _zAmérica Latina _946709 |
| 650 | 0 | 4 |
_aPlanificación regional _zAmérica Latina _947210 |
| 650 | 0 | 4 |
_aSociología _9386 |
| 650 | 0 | 4 |
_aUrbanismo _925989 |
| 650 | 0 | 4 |
_aUrbanismo _zAmérica Latina _982856 |
| 700 | 1 |
_aDaughter, Robert _9171550 |
|
| 710 | 2 |
_aLincoln Institute of Land Policy _962490 |
|
| 942 |
_cLIBRO _a17 _e1 _mV46u _2DEWEY _h711.4 |
||
| 999 |
_c90837 _d90837 |
||